000 00628nam a22001815a 4500
003 CL-SaCFP
005 20260310112442.0
008 260123s 000 0 spa
020 _a9789569691218
040 _bspa
_cCL
_erda
100 1 _aBavestrello Ruz, Claudio
245 1 0 _aEntre la niebla y el fuego :
_bmitos leyendas y Misterios de Chile /
_cClaudio Bavestrello Ruz.
250 _aPrimera edición: septiembre de 2025.
264 1 _a[Chile] :
_bEditorial El Lugar de las Palabras,
_c2025.
264 3 _a[Chile] :
_bLibros Independientes,
_c2025.
300 _a289 páginas :
_bilustrado ;
_c24 cm.
942 _2ddc
_cLIBRO
999 _c16349
_d16349